| 000 | 00903nam a2200241 a 4500 | ||
|---|---|---|---|
| 001 | 21277 | ||
| 003 | CO-ViMGA | ||
| 008 | 141112s2004 ck r 000 u spa d | ||
| 020 | _a9587042034 | ||
| 040 |
_aCO-ViMGA _bspa _cCO-ViMGA |
||
| 082 | 0 | 4 | _a332.024 K496 |
| 100 | 1 |
_aKiyosaki, Robert T. _947652 |
|
| 245 | 1 | 0 |
_aEl cuadrante del flujo de dinero : _bGuía del padre rico hacia la libertad financiera |
| 260 |
_aMexico; Aguilar, _c2004 |
||
| 300 | _a351 | ||
| 505 | _aEl cuadrante del flujo de dinero 25 - - Cómo convertirse ne un D e I exitoso 277 - - Guía de consulta rápida para la riqueza 352 | ||
| 590 | _aForma de adquisición : Compra fact. 0858 - - Precio : 45000 - - Proveedor : Temas y libros - - Fecha de adquisición : Mayo 2007 | ||
| 650 | 1 | 4 | _aEXITO |
| 650 | 1 | 4 |
_aEXITO EN LOS NEGOCIOS _947653 |
| 650 | 1 | 4 |
_aFINANZAS PERSONALES _947654 |
| 650 | 1 | 4 | _aRIQUEZA |
| 942 |
_2ddc _cBK |
||
| 999 |
_c29904 _d29904 |
||